<?xml version="1.0" encoding="UTF-8"?>
<collection xmlns="http://www.loc.gov/MARC21/slim">
 <record>
  <leader>00632cam a2200193 7i4500</leader>
  <controlfield tag="001">0000017197</controlfield>
  <controlfield tag="005">20260107090000.0</controlfield>
  <datafield tag="020" ind1=" " ind2=" ">
   <subfield code="a">9780135376324 </subfield>
  </datafield>
  <datafield tag="090" ind1="0" ind2="0">
   <subfield code="a">006.686921/CHA </subfield>
  </datafield>
  <datafield tag="100" ind1="1" ind2=" ">
   <subfield code="a">Chavez, Conrad </subfield>
  </datafield>
  <datafield tag="245" ind1="0" ind2="0">
   <subfield code="a">Adobe Photoshop : </subfield>
   <subfield code="b">classroom in a book  </subfield>
   <subfield code="c">by Conrad Chavez.</subfield>
  </datafield>
  <datafield tag="250" ind1=" " ind2=" ">
   <subfield code="a">2025 release.</subfield>
  </datafield>
  <datafield tag="260" ind1=" " ind2=" ">
   <subfield code="a">California, USA: </subfield>
   <subfield code="b">Adobe, </subfield>
   <subfield code="c">c2025.</subfield>
  </datafield>
  <datafield tag="300" ind1=" " ind2=" ">
   <subfield code="a">viii, 420 pages: </subfield>
   <subfield code="b">colour ill.; </subfield>
   <subfield code="c">23 cm.</subfield>
  </datafield>
  <datafield tag="500" ind1=" " ind2=" ">
   <subfield code="a">Include index</subfield>
  </datafield>
  <datafield tag="650" ind1=" " ind2="0">
   <subfield code="a">Adobe photoshop -- </subfield>
   <subfield code="x">Programmed instructions </subfield>
  </datafield>
  <datafield tag="650" ind1=" " ind2="0">
   <subfield code="a">Computer graphics -- </subfield>
   <subfield code="x">Programmed instructions </subfield>
  </datafield>
  <datafield tag="999" ind1=" " ind2=" ">
   <subfield code="a">1000027347</subfield>
   <subfield code="b">Book</subfield>
   <subfield code="c">Green Spot</subfield>
  </datafield>
  <datafield tag="999" ind1=" " ind2=" ">
   <subfield code="a">1000027355</subfield>
   <subfield code="b">Book</subfield>
   <subfield code="c">Red Spot</subfield>
  </datafield>
 </record>
</collection>
